000 00373nam a2200157Ia 4500
008 210210b1955 xxu||||| |||| 00| 0 eng d
041 _aeng
082 _a829/471
100 _aGRAY (Zane)
245 _aRainbow trail
260 _aLondon
_bThomas Nelson and Sons Limited
_c1955
650 _atrail
650 _aRainbow
690 _aEnglish Fiction
906 _a017074
999 _c137032
_d137032